LEADER 01295nam a2200253 i 4500 001 000000029067 003 CaOOAMICUS 005 20180830125448.0 008 180830s1953 xxu u000 u und u 040 $aSeMil$bita 100 0 $aHenricus : Gandavensis,$d<1217?-1293>.$0(OLS)http://semarc/name/13268 245 10$aSummae Quaestionum Ordinariarum :$breprint of the 1520 Edition /$cHenry of Ghent. 260 $aSt. Bonaventure, NY :$bFranciscan Institute,$c1953. 260 $aPaderborn :$bSchöningh,$c1953. 260 $aLouvain :$bNauwelaerts,$c1953. 300 $a2 v. ;$c25 cm. 650 4$aTeologia dogmatica - Manuali.$0(OLS)http://semarc/subject/4 773 0 $tFranciscan Institute publications. Text series.$dSt. Bonaventure, NY : Franciscan Institute, 1950.$w()325 774 0 $t[1].$kFranciscan Institute publications. Text series$w()224636 774 0 $t[2].$kFranciscan Institute publications. Text series$w()224637 996 $6245$aSummae Quaestionum Ordinariarum :$breprint of the 1520 Edition$9(OLS)http://semarc/title/39473 996 $6260$aSt. Bonaventure, NY :$bFranciscan Institute$9(OLS)http://semarc/publisher/29826 996 $6260$aLouvain :$bNauwelaerts$9(OLS)http://semarc/publisher/29827 996 $6260$aPaderborn :$bSchöningh$9(OLS)http://semarc/publisher/37972 LEADER 01142nam a2200265 i 4500 001 000000038419 003 CaOOAMICUS 005 20250702154637.0 008 041209s1975 it u000 u ita u 013 $a9004 040 $aSeMil$bita 245 10$aLibri, editori e pubblico nel mondo antico :$bguida storica e critica /$ca cura di Guglielmo Cavallo. 260 $aBari :$bLaterza,$c1975. 300 $aXXIII, 166 p., 16 c. di tav. ;$c18 cm. 490 0 $aUniversale Laterza ;$v315 650 4$aCiviltā classica - Commercio librario.$0(OLS)http://semarc/subject/58043 650 4$aLibro - Storia.$0(OLS)http://semarc/subject/48609 700 1 $aCavallo, Guglielmo.$0(OLS)http://semarc/name/1021 830 0$aUniversale Laterza ;$v315.$0(OLS)http://semarc/title/6923 850 $aSeMil 852 $aSeMil$W1$xVenegono$y1$m3Y I 49$j258987$B4574$CSeMilBibl$Z2$F4574 $81 961 $aOmaggio: Ciprandi dott. Paolo 996 $6245$aLibri, editori e pubblico nel mondo antico :$bguida storica e critica$9(OLS)http://semarc/title/54212 996 $6260$aBari :$bLaterza$9(OLS)http://semarc/publisher/29858